BUBT Library Online Catalog

আইনের ব্যাখ্যা ও জেনারেল ক্লজেস অ্যাক্ট / (Record no. 6529)

000 -LEADER
fixed length control field 00687nam a22001817a 4500
003 - CONTROL NUMBER IDENTIFIER
control field BUBTL
008 - FIXED-LENGTH DATA ELEMENTS--GENERAL INFORMATION
fixed length control field 210921b ||||| |||| 00| 0 eng d
020 ## - INTERNATIONAL STANDARD BOOK NUMBER
International Standard Book Number 9843000024284
082 ## - DEWEY DECIMAL CLASSIFICATION NUMBER
Classification number 349 / Ak47a
100 ## - MAIN ENTRY--PERSONAL NAME
9 (RLIN) 4185
Personal name আখতারুজ্জামান, মো :
245 ## - TITLE STATEMENT
Title আইনের ব্যাখ্যা ও জেনারেল ক্লজেস অ্যাক্ট /
Statement of responsibility, etc. মো : আখতারুজ্জামান
260 ## - PUBLICATION, DISTRIBUTION, ETC. (IMPRINT)
Place of publication, distribution, etc. ঢাকা :
Name of publisher, distributor, etc. অলিফ প্রকাশনী,
Date of publication, distribution, etc. c2017
300 ## - PHYSICAL DESCRIPTION
Extent xl, 472 p. :
Dimensions 24 cm.
650 #0 - SUBJECT ADDED ENTRY--TOPICAL TERM
9 (RLIN) 26
Topical term or geographic name as entry element Law
856 ## - ELECTRONIC LOCATION AND ACCESS
Password 0
Logon 0
Link text Download
942 ## - ADDED ENTRY ELEMENTS (KOHA)
Source of classification or shelving scheme
Koha item type Books
Holdings
Withdrawn status Lost status Source of classification or shelving scheme Damaged status Not for loan Collection code Permanent location Current location Shelving location Date acquired Source of acquisition Inventory number Total Checkouts Full call number Barcode Date last seen Copy number Price effective from Koha item type Total Renewals Date last checked out
        Not For Loan Non-fiction Bangladesh University of Business and Technology Library Bangladesh University of Business and Technology Library Law Stacks 06/02/2021 Purchase 27818   349 / Ak47a BUBTL-200327818 09/21/2021 C-1 09/21/2021 Books    
          Non-fiction Bangladesh University of Business and Technology Library Bangladesh University of Business and Technology Library Law Stacks 06/02/2021 Purchase 27819   349 / Ak47a BUBTL-200327819 09/21/2021 C-2 09/21/2021 Books    
          Non-fiction Bangladesh University of Business and Technology Library Bangladesh University of Business and Technology Library Law Stacks 06/02/2021 Purchase 27820 7 349 / Ak47a BUBTL-200327820 06/06/2024 C-3 09/21/2021 Books 1 06/04/2024
          Non-fiction Bangladesh University of Business and Technology Library Bangladesh University of Business and Technology Library Law Stacks 06/02/2021 Purchase 27821 5 349 / Ak47a BUBTL-200327821 05/13/2024 C-4 09/21/2021 Books   05/02/2024
          Non-fiction Bangladesh University of Business and Technology Library Bangladesh University of Business and Technology Library Law Stacks 06/02/2021 Purchase 27822 5 349 / Ak47a BUBTL-200327822 03/05/2024 C-5 09/21/2021 Books   03/03/2024

More Information About Library

Library Hours

  • Open: 9.00 am. to 9.00 pm.
  • Only Sunday: 9.00 am. to 6.00 pm.
  • Closed: Holiday

Contact to the University

Bangladesh University of Business and Technology Library

  • Mirpurl-2, 1216.
  • Phone:
  • Fax:
  • E-Mail: admin.library@bubt.edu.bd

Contact to the Library

Contact Person:

Md. Abdul Hakim Shah
Joint Librarian
PABX No:  113
Cell No: 01816332931
E-mail: official: admin.library@bubt.edu.bd
Personal: hakim.shah@bubt.edu.bd


BUBT Library

Copyright © 2021